00681nam a2200229Ia 4500003000900000008004100009040001300050040001300063041000800076100001900084245004400103250002200147260002100169260000900190300001100199300001000210490001900220490000600239942000700245999001700252952018200269IT-RoPAU120407s9999 xx 000 0 und d aIT-RoPAU cIT-RoPAU aita aPierre Riché aIl Papa dell’anno Mille. Silvestro II aCinisello Balsamo aEdizioni Paoline c1988 a303 p. c21 cm aTempi e figure v8 cBK c31984d31984 00102ddc406920_14800000000000071aPAULUSbPAULUSd2012-04-11l0o920.148r2012-04-11 00:00:00w2012-04-11yBKzInserito da: In data: n.d. fondo: Via A.Severo 56 Progr:13631